000 00682nam a2200217Ia 4500
003 GCL
008 140319s9999 xx 000 0 ara d
040 _aGCL /
_cGCL
082 0 4 _aق
_b932
_bس م
100 1 _aسيد توفيق
245 1 0 _aمعالم تاريخ وحضارة مصر من اقدم العصور حتى الفتح العربى /
_cسيد توفيق
700 1 _aسيد احمد على الناصرى
260 _a[S.N] :
_bدار النهضة العربية ،
_c1980
300 _a300 ص
490 _a
650 0 4 _aمصر
650 0 4 _aتاريخ
650 0 4 _aمصر القديمة
650 0 4 _aالحضارة الفرعونية
942 _2ddc
_cBK
999 _c58651
_d58651